000 00717nam a22002057a 4500
003 OSt
005 20230824102534.0
008 221006b |||||||| |||| 00| 0 eng d
040 _cBiblioteca Lado V
082 _a708
_bN277a
110 _9968
_aNational Gallery of Jamaica
_eeditor
245 _aA.D. Scott:/
_bArt Patron and Collector/
260 _bJamaica
_aNational Gallery of Jamaica
_c1988
300 _c22x28cm
_a16p.
650 _2Tesauro de Arte & Arquitectura
_aARTE
650 _2Tesauro de Arte & Arquitectura
_aARTE JAMAICA
_9702
650 _2Tesauro de Arte & Arquitectura
_aPINTURA
_9703
650 _2Tesauro de Arte & Arquitectura
_aESCULTURA
942 _2ddc
_c1
_h708
_iN277a
_n0
999 _c4211
_d4211